[Event "2nd GMA World Cup prel  #1"]
[Site "Belgrade YUG"]
[Date "1988.??.??"]
[Round "?"]
[White "Naumkin, Igor"]
[Black "Kovacevic, Vlatko"]
[Result "1/2-1/2"]
[WhiteElo "2440"]
[BlackElo "2515"]
[EventDate "1988.12.??"]
[PlyCount "41"]

1.d4 Nf6 2.c4 e6 3.Nf3 d5 4.Nc3 Bb4 5.Bg5 h6 6.Bh4 g5 7.Bg3 Ne4 8.Qc2 h5 
9.h4 Nxg3 10.fxg3 g4 11.Ne5 c6 12.e4 Nd7 13.exd5 Nxe5 14.dxe5 Qa5 15.Bd3 
Bxc3+ 16.bxc3 Qc5 17.Qd2 exd5 18.cxd5 Qxd5 19.O-O Be6 20.Qe3 O-O-O 21.Bf5 
1/2-1/2

[Event "2nd GMA World Cup prel  #1"]
[Site "Belgrade YUG"]
[Date "1988.??.??"]
[Round "?"]
[White "Nenadovic, Ljubisa"]
[Black "Ilincic, Zlatko"]
[Result "0-1"]
[WhiteElo "2245"]
[BlackElo "2445"]
[EventDate "1988.12.??"]
[PlyCount "84"]

1.d4 Nf6 2.c4 e6 3.Nf3 b6 4.g3 Bb7 5.Bg2 Be7 6.O-O O-O 7.d5 exd5 8.Nh4 c6 
9.cxd5 Nxd5 10.Nf5 Nf6 11.e4 d5 12.e5 Ne8 13.Qg4 Kh8 14.Nc3 Bc8 15.Qf4 Na6
16.Rd1 Nac7 17.Be4 Ne6 18.Qe3 Bc5 19.Qe2 g6 20.Nh4 Nd4 21.Rxd4 Bxd4 22.Bc2
Ng7 23.Bf4 Nh5 24.Qd2 Nxf4 25.Qxd4 Ne6 26.Qd2 Kg7 27.f4 f5 28.exf6+ Qxf6 
29.Nf3 Bb7 30.Ne5 Rad8 31.Nd1 Ng5 32.Qe2 Nf7 33.Ng4 Qd4+ 34.Nde3 Bc8 35.
Qf2 Qxb2 36.Rb1 Qc3 37.f5 Ng5 38.Kg2 d4 39.f6+ Kh8 40.Nd1 Qc5 41.Nh6 Qd5+ 
42.Kf1 Ba6+ 0-1

[Event "2nd GMA World Cup prel  #1"]
[Site "Belgrade YUG"]
[Date "1988.??.??"]
[Round "?"]
[White "Nenadovic, Ljubisa"]
[Black "Raicevic, Momcilo"]
[Result "1/2-1/2"]
[WhiteElo "2245"]
[BlackElo "2370"]
[EventDate "1988.12.??"]
[PlyCount "98"]

1.d4 d5 2.Nf3 e6 3.c4 c6 4.e3 Nf6 5.Bd3 Nbd7 6.O-O dxc4 7.Bxc4 b5 8.Bd3 a6
9.e4 Be7 10.a4 Bb7 11.Bg5 O-O 12.Nbd2 c5 13.axb5 axb5 14.Rxa8 Bxa8 15.e5 
Nd5 16.Bxe7 Qxe7 17.Bxb5 cxd4 18.Qa4 d3 19.Qd4 Rb8 20.Bxd3 Nf8 21.Ra1 Rb4 
22.Nc4 Nb6 23.b3 Bxf3 24.gxf3 g6 25.h4 Qb7 26.Be4 Qc7 27.Qc3 Rb5 28.Ra5 
Nd5 29.Bxd5 Rxd5 30.Rxd5 exd5 31.Qa5 Qe7 32.Qxd5 Qxh4 33.Kf1 Ne6 34.Ke1 
Qh1+ 35.Kd2 Qf1 36.Qa8+ Kg7 37.Qa7 Ng5 38.Qe3 Qg2 39.Ke2 Ne6 40.Nd6 Qh2 
41.Ne8+ Kf8 42.Nf6 Kg7 43.b4 Qh1 44.Ng4 g5 45.Qe4 Qc1 46.Kd3 Nf4+ 47.Kd4 
Ne6+ 48.Kd3 Nf4+ 49.Kd4 Ne6+ 1/2-1/2

[Event "2nd GMA World Cup prel  #1"]
[Site "Belgrade YUG"]
[Date "1988.??.??"]
[Round "?"]
[White "Nestorovic, Dejan"]
[Black "Ivanka-Budinszky, Maria"]
[Result "0-1"]
[WhiteElo "2370"]
[BlackElo "2310"]
[EventDate "1988.12.??"]
[PlyCount "38"]

1.d4 Nf6 2.c4 c5 3.d5 e6 4.Nc3 exd5 5.cxd5 d6 6.e4 g6 7.Nf3 Bg7 8.Be2 O-O 
9.Bf4 Qe7 10.Nd2 b6 11.O-O Ba6 12.Bxa6 Nxa6 13.Nc4 Nxe4 14.Qe2 Rfe8 15.
Rfe1 Nxc3 16.Qxe7 Rxe7 17.Rxe7 Nxd5 18.Re4 f5 19.Rd1 Nac7 0-1

[Event "2nd GMA World Cup prel  #1"]
[Site "Belgrade YUG"]
[Date "1988.??.??"]
[Round "?"]
[White "Nestorovic, Dejan"]
[Black "Jokic, Miodrag"]
[Result "1-0"]
[WhiteElo "2370"]
[BlackElo "2300"]
[EventDate "1988.12.??"]
[PlyCount "101"]

1.d4 g6 2.Nf3 Nf6 3.c4 d5 4.cxd5 Nxd5 5.e4 Nf6 6.Nc3 Bg7 7.Be2 O-O 8.h3 c6
9.Qb3 Nbd7 10.O-O Qb6 11.Qa3 Re8 12.Be3 Qd8 13.Rad1 Bf8 14.Ne5 e6 15.Qb3 
Nxe5 16.dxe5 Nd7 17.f4 Qa5 18.Rd2 b5 19.Rfd1 b4 20.Nb1 Qc7 21.Rc2 a5 22.
Bb5 Nc5 23.Bxc5 Bxc5+ 24.Rxc5 Qa7 25.Qe3 cxb5 26.Kf2 Bd7 27.Rd6 Rac8 28.
Rxc8 Qxe3+ 29.Kxe3 Bxc8 30.Nd2 Kg7 31.Nb3 Re7 32.Nc5 Rc7 33.Kd4 g5 34.fxg5
Kg6 35.Rb6 Kxg5 36.g3 Bd7 37.Rb7 Rxb7 38.Nxb7 Bc6 39.Nxa5 Ba8 40.Nb3 f5 
41.exf6 Kxf6 42.Nd2 Bc6 43.b3 Bd7 44.e5+ Kf5 45.Nf1 Kg6 46.Ne3 h5 47.h4 
Kf7 48.Kc5 Ke7 49.Ng2 Be8 50.Nf4 Kf7 51.Kxb4 1-0

[Event "2nd GMA World Cup prel  #1"]
[Site "Belgrade YUG"]
[Date "1988.??.??"]
[Round "?"]
[White "Nestorovic, Dejan"]
[Black "Nenadovic, Ljubisa"]
[Result "1-0"]
[WhiteElo "2370"]
[BlackElo "2245"]
[EventDate "1988.12.??"]
[PlyCount "159"]

1.d4 Nf6 2.Nf3 e6 3.c4 c5 4.d5 exd5 5.cxd5 d6 6.Nc3 g6 7.Bf4 Bg7 8.Qa4+ 
Bd7 9.Qb3 Bc8 10.e4 O-O 11.Be2 a6 12.a4 Qe7 13.Nd2 Nbd7 14.O-O Ne8 15.Rfe1
Rb8 16.a5 b5 17.axb6 Rxb6 18.Qc2 Ne5 19.Bxe5 Bxe5 20.Nc4 Bxc3 21.bxc3 Rb8 
22.f4 Nc7 23.Bf3 Nb5 24.e5 Rd8 25.Qd2 Bb7 26.Rad1 Qf8 27.f5 dxe5 28.Nxe5 
c4 29.Ng4 Rd6 30.Qf4 Rbd8 31.Qxc4 Rc8 32.Qf4 Nxc3 33.f6 Rd7 34.Nh6+ Kh8 
35.Rc1 Nxd5 36.Rxc8 Bxc8 37.Qe5 Nc7 38.Bc6 Ne6 39.Bxd7 Bxd7 40.Ng4 h5 41.
Nf2 Qc5 42.Qxc5 Nxc5 43.Re5 Ne6 44.Ne4 Bc6 45.Kf2 Bxe4 46.Rxe4 g5 47.h4 
Kh7 48.Re5 Kg6 49.hxg5 Nxg5 50.Kg3 Kxf6 51.Ra5 Kg6 52.Rxa6+ f6 53.Kf4 Nf7 
54.Ra8 Nh6 55.Ke4 Ng4 56.Rb8 Nh6 57.Kf4 Kg7 58.Rb3 Kg6 59.Ra3 Nf5 60.Rh3 
Nh6 61.Rg3+ Ng4 62.Ra3 Nh6 63.Ra8 Kg7 64.Ke4 Kg6 65.Kd5 Kg5 66.Rh8 h4 67.
Ke4 f5+ 68.Kf3 Ng4 69.Rg8+ Kh5 70.Kf4 h3 71.Rg5+ Kh6 72.gxh3 Nf2 73.Rg3 
Ne4 74.Rg2 Nd6 75.Ra2 Kh5 76.Ra4 Ne4 77.Kxf5 Nf2 78.Ra8 Kh4 79.Rh8+ Kg3 
80.h4 1-0

[Event "2nd GMA World Cup prel  #1"]
[Site "Belgrade YUG"]
[Date "1988.??.??"]
[Round "?"]
[White "Nestorovic, Dejan"]
[Black "Rajkovic, Dusan"]
[Result "1/2-1/2"]
[WhiteElo "2370"]
[BlackElo "2495"]
[EventDate "1988.12.??"]
[PlyCount "107"]

1.d4 Nf6 2.c4 e6 3.Nf3 b6 4.g3 Ba6 5.b3 d5 6.Bg2 Bb4+ 7.Bd2 Bd6 8.Nc3 Nbd7
9.e4 c5 10.exd5 exd5 11.Qe2+ Kf8 12.O-O Qc7 13.dxc5 bxc5 14.Qd3 Nb6 15.Nb5
Bxb5 16.cxb5 h6 17.Nh4 g6 18.a4 Kg7 19.a5 Nbd7 20.Rfe1 Rab8 21.Rac1 Ne5 
22.Qf1 c4 23.bxc4 dxc4 24.Rxe5 Bxe5 25.Rxc4 Qd8 26.Rc2 Qd4 27.Bc6 Qa4 28.
Qc4 Qa1+ 29.Rc1 Qb2 30.Be3 Rhd8 31.Nf3 Rdc8 32.Nxe5 Qxe5 33.Bxa7 Rxb5 34.
Bd4 Qf5 35.Qxb5 Qxb5 36.Bxb5 Rxc1+ 37.Kg2 Rd1 38.Bb6 Nd5 39.Bc5 Nc7 40.Be2
Rd5 41.Bb6 Na8 42.Bf3 Nxb6 43.axb6 Rb5 44.b7 Kf6 45.h4 Ke5 46.Bc6 Rb3 47.
Bf3 f5 48.Bc6 g5 49.hxg5 hxg5 50.Kf1 Rb2 51.Ke1 Kd4 52.Kf1 Kc5 53.Bg2 Kd6 
54.Ke1 1/2-1/2

[Event "2nd GMA World Cup prel  #1"]
[Site "Belgrade YUG"]
[Date "1988.??.??"]
[Round "?"]
[White "Nikolic, Sava N. R."]
[Black "Klinger, Josef"]
[Result "0-1"]
[WhiteElo "2365"]
[BlackElo "2475"]
[EventDate "1988.12.??"]
[PlyCount "104"]

1.Nf3 c5 2.g3 b6 3.Bg2 Bb7 4.O-O Nf6 5.d3 e6 6.Nbd2 Be7 7.Re1 O-O 8.c3 d6 
9.e4 Nbd7 10.a3 b5 11.b4 Nb6 12.Nb3 Rc8 13.Nfd2 Nfd7 14.c4 Ne5 15.Na5 Ba6 
16.Qb3 Bf6 17.Bb2 bxc4 18.dxc4 Nbxc4 19.Ndxc4 Nxc4 20.Bxf6 Nxa5 21.Qa4 
gxf6 22.Rad1 cxb4 23.axb4 Rc4 24.Bf1 Bb7 25.Qxa5 Qxa5 26.bxa5 Rxe4 27.Rxe4
Bxe4 28.Rxd6 Rb8 29.f4 Kf8 30.Rd7 Rb7 31.Rd8+ Ke7 32.Rh8 Rb2 33.a6 e5 34.
Rc8 Rc2 35.Rb8 Bd5 36.Bb5 Rb2 37.Re8+ Kd6 38.Bf1 Kd7 39.Rh8 e4 40.Bh3+ Ke7
41.Rc8 e3 42.Rc1 Be4 43.Re1 Rb1 44.Rxb1 Bxb1 45.Bf1 Kd6 46.Bc4 Kc5 47.Bxf7
Bd3 48.g4 Kd4 49.Bh5 Kc3 50.g5 fxg5 51.fxg5 Kd2 52.h4 Bxa6 0-1

[Event "2nd GMA World Cup prel  #1"]
[Site "Belgrade YUG"]
[Date "1988.??.??"]
[Round "?"]
[White "Nikolic, Sava N. R."]
[Black "Orlov, Georgy"]
[Result "0-1"]
[WhiteElo "2365"]
[BlackElo "2425"]
[EventDate "1988.12.??"]
[PlyCount "110"]

1.Nf3 Nf6 2.g3 c5 3.Bg2 Nc6 4.O-O d5 5.d3 e5 6.Nbd2 Be7 7.e4 O-O 8.Re1 d4 
9.Nc4 Nd7 10.a4 Rb8 11.c3 b6 12.Bd2 Qc7 13.Qc2 dxc3 14.bxc3 Rd8 15.Bh3 Nf6
16.Bxc8 Rbxc8 17.Rad1 h6 18.Nh4 Bf8 19.f4 Qd7 20.Bc1 exf4 21.gxf4 Qh3 22.
Nf5 Qg4+ 23.Ng3 Nh5 24.Ne3 Qh3 25.Nxh5 Qxh5 26.Qe2 Qxe2 27.Rxe2 Rd7 28.Bb2
Rcd8 29.Red2 Na5 30.Nd5 f5 31.Rg2 Kf7 32.c4 fxe4 33.Bc3 Nb7 34.dxe4 Nd6 
35.Re2 Nxc4 36.Kf2 a6 37.Kf3 b5 38.Rg1 b4 39.Ba1 b3 40.Reg2 Ke8 41.Bxg7 
Bxg7 42.Rxg7 Rxg7 43.Rxg7 Rd6 44.Rb7 b2 45.Kg4 Rg6+ 46.Kf5 Rb6 47.Re7+ Kd8
48.Nxb6 Nxb6 49.Rb7 b1=Q 50.a5 c4 51.axb6 c3 52.Rb8+ Kd7 53.b7 c2 54.Rc8 
Qb5+ 55.e5 Qxb7 0-1

[Event "2nd GMA World Cup prel  #1"]
[Site "Belgrade YUG"]
[Date "1988.??.??"]
[Round "?"]
[White "Nikolic, Sava N. R."]
[Black "Raicevic, Vladimir"]
[Result "1-0"]
[WhiteElo "2365"]
[BlackElo "2455"]
[EventDate "1988.12.??"]
[PlyCount "69"]

1.Nf3 c5 2.g3 Nc6 3.Bg2 d5 4.O-O e5 5.d3 Nge7 6.Nbd2 Ng6 7.e4 d4 8.a4 Be7 
9.Nc4 O-O 10.h4 Bg4 11.Qe1 Qd7 12.Nfd2 Bh3 13.h5 Nh4 14.Bh1 f5 15.gxh4 
Bxh4 16.Qe2 Bxf1 17.Kxf1 Bxf2 18.Kxf2 fxe4+ 19.Kg1 e3 20.Ne4 Rf4 21.Bg2 
Raf8 22.Nxc5 Qc8 23.Nxe3 dxe3 24.Bxe3 Nd4 25.Bxd4 exd4 26.Qe6+ Kh8 27.Qxc8
Rxc8 28.Ne6 Rg4 29.Rf1 Kg8 30.Rf2 Re8 31.Nf4 Re5 32.Kf1 b6 33.Ne6 h6 34.
Rf8+ Kh7 35.Nf4 1-0

[Event "2nd GMA World Cup prel  #1"]
[Site "Belgrade YUG"]
[Date "1988.??.??"]
[Round "?"]
[White "Nikolic, Nebojsa"]
[Black "Maksimovic, Branimir"]
[Result "1-0"]
[WhiteElo "2375"]
[BlackElo "2435"]
[EventDate "1988.12.??"]
[PlyCount "113"]

1.d4 Nf6 2.c4 e6 3.g3 d5 4.Bg2 Bb4+ 5.Bd2 Be7 6.Nf3 O-O 7.O-O Nbd7 8.Bf4 
Nh5 9.Bc1 Nhf6 10.Qc2 c6 11.Nbd2 b6 12.e4 Bb7 13.b3 dxe4 14.Nxe4 c5 15.
Nxf6+ Bxf6 16.Ng5 Bxg5 17.Bxb7 Bf6 18.Bxa8 Qxa8 19.Bb2 cxd4 20.f3 Ne5 21.
Qe4 Qxe4 22.fxe4 Rd8 23.Rad1 Bg5 24.Kg2 Nc6 25.a3 e5 26.b4 Rc8 27.Bc1 Be7 
28.Bd2 Nd8 29.Rc1 Nb7 30.Rfe1 f6 31.Kf3 Kf7 32.g4 Ke6 33.Ke2 g6 34.Kd3 Rh8
35.Rg1 Rf8 36.Rcf1 Nd6 37.b5 Rc8 38.Rc1 f5 39.gxf5+ gxf5 40.exf5+ Nxf5 41.
Bb4 Bc5 42.Bxc5 bxc5 43.Rg5 Rf8 44.Re1 Rf6 45.Rh5 h6 46.a4 Rg6 47.a5 Rg2 
48.Rf1 Nd6 49.Rxh6+ Kd7 50.Re1 Ra2 51.Rxe5 Ra3+ 52.Ke2 d3+ 53.Kf2 Nxc4 54.
Rg5 Ke7 55.Rg7+ Kf8 56.Rxa7 Ra2+ 57.Kg3 1-0

[Event "2nd GMA World Cup prel  #1"]
[Site "Belgrade YUG"]
[Date "1988.??.??"]
[Round "?"]
[White "Nikolic, Nebojsa"]
[Black "Subasic, Ilijas"]
[Result "1-0"]
[WhiteElo "2375"]
[BlackElo "2280"]
[EventDate "1988.12.??"]
[PlyCount "115"]

1.d4 Nf6 2.c4 c5 3.Nf3 cxd4 4.Nxd4 e5 5.Nb5 d5 6.cxd5 Bc5 7.N5c3 O-O 8.e3 
e4 9.a3 Re8 10.Nd2 Bf5 11.b4 Bf8 12.Nc4 Nbd7 13.Bb2 a6 14.Qb3 b5 15.Na5 
Ne5 16.Rd1 Nfg4 17.h3 Nf6 18.Rd4 Qb6 19.Be2 Rad8 20.g4 Bg6 21.g5 Nf3+ 22.
Bxf3 exf3 23.Qd1 Nd7 24.Nc6 Rc8 25.h4 Bh5 26.Ne4 Ne5 27.Nxe5 Rxe5 28.Ng3 
Rxe3+ 29.fxe3 f2+ 30.Kxf2 Bxd1 31.Rhxd1 g6 32.R4d2 Re8 33.Bd4 Qc7 34.Kf3 
Bd6 35.Ne4 Rxe4 36.Kxe4 Qc8 37.Rf1 h6 38.Rdf2 h5 39.Rf6 Qc2+ 40.Kf3 Be7 
41.Rc6 Qf5+ 42.Ke2 Qxd5 43.Rc8+ Bf8 44.Rfc1 f6 45.gxf6 Qg2+ 46.Kd3 Qf3 47.
R1c7 Qd1+ 48.Kc3 Qc1+ 49.Kb3 Qb1+ 50.Bb2 Qd3+ 51.Ka2 Qd5+ 52.Ka1 Qd1+ 53.
Rc1 Qd3 54.R8c7 Qxe3 55.f7+ Kh7 56.Rc8 Bg7 57.Bxg7 Qxa3+ 58.Kb1 1-0

[Event "2nd GMA World Cup prel  #1"]
[Site "Belgrade YUG"]
[Date "1988.??.??"]
[Round "?"]
[White "Nikolic, Stanimir"]
[Black "Buljovcic, Ivan"]
[Result "1/2-1/2"]
[WhiteElo "2320"]
[BlackElo "2425"]
[EventDate "1988.12.??"]
[PlyCount "70"]

1.d4 d5 2.Nf3 Nf6 3.Bf4 c5 4.e3 Qb6 5.Qc1 Bf5 6.Nc3 a6 7.Be2 Nbd7 8.O-O e6
9.Rd1 Be7 10.Ne5 Nxe5 11.Bxe5 Qc6 12.Bd3 Bg6 13.dxc5 Qxc5 14.b4 Qxb4 15.
Rb1 Qa3 16.Qxa3 Bxa3 17.Rxb7 O-O 18.Rdb1 Rfc8 19.h3 Ne8 20.Na4 f6 21.Bc3 
Nd6 22.R7b3 Bxd3 23.cxd3 Nb5 24.Ba5 Rc2 25.Nc3 Nxc3 26.Rxc3 Rxc3 27.Bxc3 
Rc8 28.Rb3 Bd6 29.Kf1 Rb8 30.Rxb8+ Bxb8 31.Ke2 Kf7 32.Kd2 Ke8 33.Kc2 Kd7 
34.Kb3 Kc6 35.Ka4 Bc7 1/2-1/2

[Event "2nd GMA World Cup prel  #1"]
[Site "Belgrade YUG"]
[Date "1988.??.??"]
[Round "?"]
[White "Nikolic, Zivoslav"]
[Black "Franzen, Jozef"]
[Result "1-0"]
[WhiteElo "2455"]
[BlackElo "2320"]
[EventDate "1988.12.??"]
[PlyCount "79"]

1.d4 Nf6 2.Nf3 d5 3.Bf4 Bf5 4.e3 e6 5.c4 Bxb1 6.Qxb1 Bb4+ 7.Kd1 c5 8.a3 
Ba5 9.b4 Ne4 10.Qb2 cxb4 11.axb4 Bc7 12.Bxc7 Qxc7 13.Bd3 O-O 14.Ke2 Nd7 
15.Rhc1 Qd8 16.c5 f5 17.g3 Ndf6 18.Ne5 Qe8 19.f3 Qh5 20.Ke1 Ng5 21.Qg2 Nf7
22.Be2 Nxe5 23.dxe5 Nd7 24.f4 Qf7 25.c6 bxc6 26.Rxc6 Nb6 27.Ba6 Rfd8 28.
Qd2 Rd7 29.Qd4 Rad8 30.Rac1 Qh5 31.R1c2 Kf7 32.Bb5 Qf3 33.Rd6 Rxd6 34.exd6
Kg6 35.Rc7 Rg8 36.Qe5 Qe4 37.Be8+ Kh6 38.Qxe4 fxe4 39.d7 Nxd7 40.Bxd7 1-0

[Event "2nd GMA World Cup prel  #1"]
[Site "Belgrade YUG"]
[Date "1988.??.??"]
[Round "?"]
[White "Nikolic, Zivoslav"]
[Black "Grimberg, Gilbert"]
[Result "1-0"]
[WhiteElo "2455"]
[BlackElo "2320"]
[EventDate "1988.12.??"]
[PlyCount "105"]

1.d4 Nf6 2.Nf3 e6 3.Bg5 h6 4.Bxf6 Qxf6 5.Nbd2 d6 6.g3 g6 7.Bg2 Bg7 8.O-O 
O-O 9.c3 Nd7 10.Ne1 c5 11.e3 cxd4 12.exd4 d5 13.Nd3 b6 14.Re1 Bb7 15.Nf3 
Rfd8 16.Nfe5 Nxe5 17.Nxe5 Qe7 18.f4 b5 19.Nd3 a5 20.a3 Qc7 21.Qd2 Bf6 22.
b4 axb4 23.axb4 Ra4 24.Nb2 Raa8 25.Bf1 Rdc8 26.Rxa8 Bxa8 27.Ra1 Bb7 28.Ra3
Bc6 29.Nd3 Be8 30.Qa2 Qb8 31.Nc5 g5 32.fxg5 hxg5 33.Qd2 Be7 34.Bd3 e5 35.
Bf5 Rd8 36.Nd3 exd4 37.cxd4 Bf6 38.Nc5 Bc6 39.Rf3 Kg7 40.Kg2 Qd6 41.Qd1 
Re8 42.Rf2 Qe7 43.Bb1 Qe3 44.Qc2 Qxd4 45.Qh7+ Kf8 46.Bg6 fxg6 47.Qc7 Qxf2+
48.Kxf2 Bd4+ 49.Kf3 Bxc5 50.Qxc6 Re3+ 51.Kf2 Bd4 52.Qxd5 Re4+ 53.Kf1 1-0

[Event "2nd GMA World Cup prel  #1"]
[Site "Belgrade YUG"]
[Date "1988.??.??"]
[Round "?"]
[White "Nikolic, Zivoslav"]
[Black "Romanishin, Oleg"]
[Result "1/2-1/2"]
[WhiteElo "2455"]
[BlackElo "2550"]
[EventDate "1988.12.??"]
[PlyCount "67"]

1.d4 Nf6 2.Nf3 e6 3.Bg5 h6 4.Bxf6 Qxf6 5.e3 g6 6.Bd3 Bg7 7.Nbd2 d6 8.c3 
Nd7 9.Qc2 Qe7 10.O-O-O b6 11.d5 e5 12.h4 O-O 13.h5 g5 14.Nf1 Nc5 15.Bh7+ 
Kh8 16.Ng3 Bd7 17.Bf5 Ba4 18.b3 Be8 19.Nd2 a5 20.Nde4 Nxe4 21.Qxe4 b5 22.
Rhe1 Ra6 23.Re2 c6 24.Rc2 Qc7 25.Qf3 c5 26.Ne4 Qe7 27.g4 Ra7 28.Kd2 b4 29.
c4 a4 30.Rb1 axb3 31.axb3 Bd7 32.Rbb2 Rfa8 33.Bxd7 Qxd7 34.Qf5 1/2-1/2

[Event "2nd GMA World Cup prel  #1"]
[Site "Belgrade YUG"]
[Date "1988.??.??"]
[Round "?"]
[White "Nikolic, Zivoslav"]
[Black "Timoshenko, Georgy"]
[Result "1/2-1/2"]
[WhiteElo "2455"]
[BlackElo "2515"]
[EventDate "1988.12.??"]
[PlyCount "86"]

1.d4 Nf6 2.Nf3 e6 3.Bg5 h6 4.Bxf6 Qxf6 5.e3 g6 6.Bd3 Bg7 7.c3 d6 8.Nbd2 
Qe7 9.Qc2 Nd7 10.O-O-O a6 11.e4 c5 12.Rhe1 b5 13.e5 d5 14.dxc5 Nxc5 15.Nb3
Na4 16.Nfd4 Bd7 17.Kb1 O-O 18.f4 Rfc8 19.Qd2 Nb6 20.Na5 Rab8 21.Ka1 Na4 
22.Nab3 Nb6 23.Na5 Na4 24.g4 Qh4 25.Nab3 Nb6 26.Nf3 Qxg4 27.Nbd4 Nc4 28.
Bxc4 Rxc4 29.Rg1 Qh5 30.b3 Rc7 31.Rg3 f6 32.Qg2 fxe5 33.Rh3 Qxh3 34.Qxh3 
exd4 35.cxd4 Rf8 36.Qg4 e5 37.Qxg6 Bf5 38.Qb6 Rfc8 39.Nxe5 b4 40.a4 Rc1+ 
41.Rxc1 Rxc1+ 42.Kb2 Rc2+ 43.Ka1 Rc1+ 1/2-1/2

[Event "2nd GMA World Cup prel  #1"]
[Site "Belgrade YUG"]
[Date "1988.??.??"]
[Round "?"]
[White "Ninov, Kiril"]
[Black "Mednis, Edmar John"]
[Result "1/2-1/2"]
[WhiteElo "2515"]
[BlackElo "2435"]
[EventDate "1988.12.??"]
[PlyCount "35"]

1.Nf3 Nf6 2.g3 d5 3.Bg2 c6 4.c4 dxc4 5.O-O Nbd7 6.Qc2 Nb6 7.a4 a5 8.Na3 
Qd5 9.Ne1 Qd6 10.Nxc4 Nxc4 11.Qxc4 e5 12.Nf3 Be7 13.d4 exd4 14.Nxd4 O-O 
15.Bf4 Qb4 16.Qxb4 Bxb4 17.Rfd1 Re8 18.h3 1/2-1/2

[Event "2nd GMA World Cup prel  #1"]
[Site "Belgrade YUG"]
[Date "1988.??.??"]
[Round "?"]
[White "Ninov, Kiril"]
[Black "Nikolic, Zivoslav"]
[Result "1/2-1/2"]
[WhiteElo "2515"]
[BlackElo "2455"]
[EventDate "1988.12.??"]
[PlyCount "29"]

1.Nf3 Nf6 2.g3 d5 3.Bg2 e6 4.O-O c5 5.d4 cxd4 6.Nxd4 Be7 7.c4 O-O 8.cxd5 
Nxd5 9.e4 Nb4 10.Nc3 N8c6 11.Nxc6 Nxc6 12.Be3 Bf6 13.f4 Bxc3 14.bxc3 b6 
15.Qe2 1/2-1/2

[Event "2nd GMA World Cup prel  #1"]
[Site "Belgrade YUG"]
[Date "1988.??.??"]
[Round "?"]
[White "Ninov, Kiril"]
[Black "Savon, Vladimir"]
[Result "1/2-1/2"]
[WhiteElo "2515"]
[BlackElo "2430"]
[EventDate "1988.12.??"]
[PlyCount "86"]

1.Nf3 Nf6 2.c4 e6 3.g3 d5 4.Bg2 dxc4 5.Qa4+ Nbd7 6.Qxc4 c5 7.O-O a6 8.a4 
b6 9.d4 Bb7 10.Nc3 Rc8 11.Bg5 h6 12.Bxf6 Nxf6 13.Rfd1 cxd4 14.Qb3 Bxf3 15.
Bxf3 Bc5 16.e3 e5 17.exd4 exd4 18.Bb7 Rc7 19.Bxa6 O-O 20.Ne2 Ng4 21.Nf4 
Qf6 22.Qf3 Ne5 23.Qe4 Rd8 24.Bd3 Nxd3 25.Nxd3 Re7 26.Qf4 Qg6 27.Qf3 Qd6 
28.Rdc1 Ra7 29.a5 Qe6 30.b4 Bf8 31.a6 b5 32.Rc6 Rd6 33.Nc5 Qe8 34.Rxd6 
Bxd6 35.Nd3 Qc8 36.Qd5 Rxa6 37.Rc1 Qa8 38.Qxb5 Ra1 39.Rxa1 Qxa1+ 40.Kg2 
Qa8+ 41.Kf1 Qa1+ 42.Ke2 Qa2+ 43.Kf3 Qa8+ 1/2-1/2

[Event "2nd GMA World Cup prel  #1"]
[Site "Belgrade YUG"]
[Date "1988.??.??"]
[Round "?"]
[White "Okhotnik, Vladimir"]
[Black "Lazic, Miroljub"]
[Result "1/2-1/2"]
[WhiteElo "2445"]
[BlackElo "2375"]
[EventDate "1988.12.??"]
[PlyCount "66"]

1.e4 e5 2.Nf3 Nc6 3.Bc4 Nf6 4.d4 exd4 5.e5 d5 6.Bb5 Ne4 7.Nxd4 Bc5 8.Be3 
O-O 9.Nxc6 bxc6 10.Bxc5 Nxc5 11.Bxc6 Rb8 12.Qxd5 Qe7 13.O-O Rxb2 14.Na3 
Rb6 15.Rfe1 Na6 16.Qf3 Rxc6 17.Qxc6 Qxa3 18.Re3 Qb2 19.Qc3 Qb6 20.Rg3 Nc5 
21.Qe3 Bf5 22.h4 h5 23.a4 a6 24.Qd4 Nd7 25.Qc3 g6 26.a5 Qb5 27.Qxc7 Nc5 
28.Qb6 Qc4 29.Rd1 Qxc2 30.Rd8 Ne4 31.Rgd3 Rxd8 32.Rxd8+ Kh7 33.e6 Bxe6 
1/2-1/2

[Event "2nd GMA World Cup prel  #1"]
[Site "Belgrade YUG"]
[Date "1988.??.??"]
[Round "?"]
[White "Okhotnik, Vladimir"]
[Black "Subasic, Ilijas"]
[Result "1-0"]
[WhiteElo "2445"]
[BlackElo "2280"]
[EventDate "1988.12.??"]
[PlyCount "51"]

1.e4 e5 2.Nf3 Nc6 3.Bc4 Nf6 4.d4 exd4 5.e5 d5 6.Bb5 Ne4 7.Nxd4 Bd7 8.Bxc6 
bxc6 9.O-O Bc5 10.f3 Ng5 11.f4 Ne4 12.Be3 Bb6 13.Nc3 Nxc3 14.bxc3 Qe7 15.
Qd2 f5 16.e6 Bc8 17.Nxf5 Qf6 18.Nd4 c5 19.Nb3 Bxe6 20.f5 Bf7 21.Bg5 Qc6 
22.Rae1+ Kf8 23.f6 h6 24.fxg7+ Kxg7 25.Qf4 Rhf8 26.Bf6+ 1-0

[Event "2nd GMA World Cup prel  #1"]
[Site "Belgrade YUG"]
[Date "1988.??.??"]
[Round "?"]
[White "Okhotnik, Vladimir"]
[Black "Velimirovic, Dragoljub"]
[Result "0-1"]
[WhiteElo "2445"]
[BlackElo "2540"]
[EventDate "1988.12.??"]
[PlyCount "120"]

1.e4 c5 2.c3 e6 3.d4 d5 4.exd5 exd5 5.Nf3 Nc6 6.Be2 Nf6 7.O-O Be7 8.dxc5 
Bxc5 9.Bg5 Be6 10.Nbd2 h6 11.Bh4 Bb6 12.Nb3 g5 13.Bg3 Ne4 14.Nfd4 Nxg3 15.
hxg3 Qf6 16.Bb5 Bd7 17.Re1+ Kf8 18.Qf3 Qxf3 19.gxf3 a6 20.Bd3 a5 21.Bf5 
Be8 22.a4 Kg7 23.Nb5 Kf6 24.g4 Ne5 25.Kg2 Bxb5 26.axb5 h5 27.Nd4 Nc4 28.
Re2 Bxd4 29.cxd4 hxg4 30.fxg4 a4 31.Ra2 Ra5 32.Bd3 Rc8 33.Ra1 Rxb5 34.Rxa4
Rb3 35.Bf5 Rc7 36.Ra2 Re7 37.Rc2 Rb4 38.Rc3 Nd6 39.Rf3 Rxd4 40.Ra8 Rf4 41.
Rxf4 gxf4 42.Bd3 Ke5 43.Ra4 Re8 44.Rb4 Rh8 45.Be2 Rc8 46.Bd3 Rc1 47.Kf3 
Rh1 48.Bc2 Rh2 49.Rb6 Ne4 50.Bxe4 dxe4+ 51.Ke2 e3 52.Rb5+ Ke6 53.Rb6+ Kd5 
54.Rb5+ Kc4 55.Rxb7 Rxf2+ 56.Ke1 Kd3 57.Rxf7 Rxb2 58.Rd7+ Ke4 59.Kd1 Rg2 
60.Rg7 Kf3 0-1

[Event "2nd GMA World Cup prel  #1"]
[Site "Belgrade YUG"]
[Date "1988.??.??"]
[Round "?"]
[White "Olafsson, Helgi"]
[Black "Geller, Efim"]
[Result "1/2-1/2"]
[WhiteElo "2525"]
[BlackElo "2465"]
[EventDate "1988.12.??"]
[PlyCount "34"]

1.d4 d5 2.c4 e6 3.Nc3 Be7 4.Nf3 Nf6 5.Qc2 O-O 6.Bg5 c5 7.dxc5 Qa5 8.cxd5 
exd5 9.e3 Qxc5 10.O-O-O Be6 11.Nd4 Nc6 12.Kb1 Rac8 13.Be2 Nxd4 14.exd4 Qb6
15.Qb3 Qxb3 16.axb3 Rfe8 17.f3 h6 1/2-1/2

[Event "2nd GMA World Cup prel  #1"]
[Site "Belgrade YUG"]
[Date "1988.??.??"]
[Round "?"]
[White "Olafsson, Helgi"]
[Black "Janjgava, Lasha"]
[Result "1/2-1/2"]
[WhiteElo "2525"]
[BlackElo "2470"]
[EventDate "1988.12.??"]
[PlyCount "37"]

1.d4 Nf6 2.c4 e6 3.Nc3 Bb4 4.Qc2 d5 5.cxd5 exd5 6.a3 Bxc3+ 7.Qxc3 Ne4 8.
Qc2 Bf5 9.Qb3 Nc6 10.Nf3 O-O 11.e3 Rb8 12.Be2 Ne7 13.O-O c6 14.Bd2 Nxd2 
15.Nxd2 Nc8 16.Qa4 a6 17.Rac1 Nd6 18.Nb3 Qg5 19.Rfd1 1/2-1/2

[Event "2nd GMA World Cup prel  #1"]
[Site "Belgrade YUG"]
[Date "1988.??.??"]
[Round "?"]
[White "Olafsson, Helgi"]
[Black "Naumkin, Igor"]
[Result "0-1"]
[WhiteElo "2525"]
[BlackElo "2440"]
[EventDate "1988.12.??"]
[PlyCount "82"]

1.c4 e5 2.Nc3 Nf6 3.Nf3 Nc6 4.g3 Bb4 5.Bg2 O-O 6.O-O e4 7.Ng5 Bxc3 8.bxc3 
Re8 9.f3 e3 10.d4 Na5 11.Qd3 b6 12.c5 Bb7 13.Bxe3 Qe7 14.Bf4 Qxe2 15.Qf5 
h6 16.Ne4 Nxe4 17.Rae1 Nxg3 18.hxg3 Qb5 19.Qg4 Qc6 20.Kh2 bxc5 21.d5 Qxd5 
22.Bxh6 g6 23.Rd1 Qe5 24.Qxd7 Nc4 25.Bf4 Qxc3 26.Qxc7 Ba6 27.Rf2 Ne3 28.
Rd6 Qh8+ 29.Bh3 Bc8 30.Rd8 Bxh3 31.Rxe8+ Rxe8 32.Bxe3 Bf5+ 33.Kg1 Rxe3 34.
Qb8+ Kg7 35.Qb2+ f6 36.Qb7+ Kf8 37.Rd2 Re1+ 38.Kf2 Re8 39.Kg1 Qg7 40.Qc6 
Qe7 41.g4 Qe1+ 0-1

[Event "2nd GMA World Cup prel  #1"]
[Site "Belgrade YUG"]
[Date "1988.??.??"]
[Round "?"]
[White "Orlov, Georgy"]
[Black "Antic, Dejan"]
[Result "1-0"]
[WhiteElo "2425"]
[BlackElo "2325"]
[EventDate "1988.12.??"]
[PlyCount "71"]

1.d4 Nf6 2.Nf3 g6 3.c4 Bg7 4.Nc3 d5 5.Bg5 dxc4 6.e3 c5 7.Bxc4 O-O 8.d5 Bg4
9.O-O Nbd7 10.Be2 a6 11.a4 Qb6 12.Qc2 Qb4 13.e4 e6 14.Bd2 Qb6 15.h3 Bxf3 
16.Bxf3 Ne5 17.Be2 exd5 18.exd5 Rad8 19.a5 Qa7 20.f4 Ned7 21.Kh1 h6 22.Be3
Rfe8 23.Bg1 Qb8 24.Bh2 Qd6 25.Bc4 Qe7 26.d6 Qf8 27.Rad1 b5 28.axb6 Nxb6 
29.Bxa6 Rxd6 30.Rxd6 Qxd6 31.f5 Qd4 32.fxg6 fxg6 33.Qxg6 Qh4 34.Rxf6 Re1+ 
35.Rf1 c4 36.Rxe1 1-0